| 000 | 00000nam##2200000za#4500 |
| 001 | 9.603072 |
| 003 | CaOODSP |
| 005 | 20210624210904 |
| 007 | cr ||||||||||| |
| 008 | 150406|2001||||xxc|||||o f|0| 0 fre|d |
| 040 | |aCaOODSP|bfre |
| 043 | |an-cn--- |
| 086 | 1 |aM92-213/2001F-PDF |
| 110 | 1 |aCanada. |bRessources naturelles Canada. |
| 245 | 13|aLa biomasse, source de chaleur et de bénéfices nets |h[ressource électronique] |
| 260 | |aOttawa - Ontario : |bRessources naturelles Canada |cc2001. |
| 300 | |a11p.|bfigures, photographies |
| 490 | 1 |aSérie sur la bioénergie |v1 |
| 500 | |aLe n° de catalogue (M92-213/2001F) et l'ISBN (0-662-85736-4) de l'édition imprimée ont été incorrectement copiés dans l'édition électronique. |
| 590 | |a12-02-Supp|b2012-01-20 |
| 775 | 08|tWarm up to biomass heating and improve your bottom line |w(CaOODSP)9.572806 |
| 776 | 0#|tLa biomasse, source de chaleur et de bénéfices nets |w(CaOODSP)9.625624 |
| 830 | #0|aSérie sur la bioénergie ;|v1|w(CaOODSP)9.501107 |
| 856 | 40|ahttp://publications.gc.ca|qPDF|s1002 Ko|uhttps://publications.gc.ca/collections/Collection/M92-213-2001F.pdf|y1 |